• 首页
  • 本馆介绍
  • 公告通知
  • 最新文献
  • 馆藏检索
  • 电子资源
  • 读者导购
  • 参考咨询
  • 我的图书馆
  • 登录
  • 详细信息显示
  • 放入我的书架
  • 预约/预借图书
  • 作者相关作品
  • 分类相关作品
  • 丛书相关作品
  • 出版社相关作品

书目信息

  • 表格格式
  • 工作单格式
  • 卡片格式
题名:
中国古代史常识
    
 
作者: ;中国青年出版社编辑部 编
分册:   历史地理部分
出版信息: 北京   中国青年出版社  1981
页数: 411页
开本: 19cm
丛书名: 青年文库
单 册:
中图分类: K916
科图分类:
主题词: 地理--世界 , 古代-中国
电子资源:
ISBN:
000 00828nam2 2200277 45
001 0181009873
005 20070731081333.53
010    @dCNY0.92
091    @a11009.108
100    @a19950613d1981 em y0chiy0121 ea
101 0  @achi
102    @aCN@b110000
105    @ay z 000yy
200 10 @a中国古代史常识@Azhong guo gu dai shi chang shi@i历史地理部分@f中国青年出版社编辑部编@Fzhong guo qing nian chu ban she bian ji bu bian
210    @a北京@c中国青年出版社@d1981
215    @a411页@d19cm
225 2  @a青年文库
410  0 @120010@a青年文库
606 0  @a地理@x世界
606    @a古代-中国
607    @a中国@x古代史
690    @aK916@v4
711  0 @a中国青年出版社编辑部@Azhong guo qing nian chu ban she bian ji bu@4编
801  0 @aCN@b上海图书馆@c20070731
801  2 @aCN@bNLC@c20060927
905    @dK916@e12
    
    中国古代史常识.历史地理部分/中国青年出版社编辑部编.-北京:中国青年出版社,1981
    411页;19cm.-(青年文库)
    
    
    ISBN :CNY0.92
    
●
相关链接 在E读中查询图书 在五车中查询图书 在当当中查询图书 在豆瓣中查询图书


正题名:中国古代史常识     索取号:K916/12         预约/预借

序号 登录号 条形码 馆藏地/架位号 状态 备注
1 0058729   000080049   第二样本阅览室/ [索取号:K916/12] 在馆    
2 0058730   202239336   密集书库/ [索取号:K916/12] 在馆    
3 0058731   001901730   密集书库/ [索取号:K916/12] 在馆    
4 0058732   202269721   密集书库/ [索取号:K916/12] 在馆    
5 0058733   001924163   密集书库/ [索取号:K916/12] 在馆    
6 0058734   001900839   密集书库/ [索取号:K916/12] 在馆    
7 0058735   202239648   密集书库/ [索取号:K916/12] 在馆    
8 0058736   202239639   密集书库/ [索取号:K916/12] 在馆    
9 0058737   000080030   密集书库/ [索取号:K916/12] 在馆    
10 0058738   001901749   密集书库/ [索取号:K916/12] 在馆    
11 0422750   204227504   密集书库/ [索取号:K916/12] 在馆    
12 0422762   204227620   密集书库/ [索取号:K916/12] 在馆    
13 0435093   204350932   密集书库/ [索取号:K916/12] 在馆    
14 0456286   204562865   密集书库/ [索取号:K916/12] 在馆    
15 0456287   204562874   密集书库/ [索取号:K916/12] 在馆    
16 0785923   207859236   密集书库/ [索取号:K916/12] 在馆    
唐山师范学院图书馆 欢迎您!
大连网信软件有限公司© 版权所有